000
00375nam a22001577a 4500
003
MPLRDC
005
20220104142617.0
008
210129b ||||| |||| 00| 0 eng d
082
_a
802.6 LSX-2
100
_a
吕叔湘
245
_a
文言虚字
_c
260
_a
_b
大光出版社
_c
300
_b
平
650
_a
华文文法、汉语文法
942
_c
BK
_o
802.6 LSX-2
999
_c
32275
_d
32265